Книга советского Туркменистана... ...1971-1975 (Запись № 7467529)

Подробности
000 -МАРКЕР
контрольное поле 01252nam2a22002531 4500
001 - ИДЕНТИФИКАТОР ЗАПИСИ
контрольное поле rc\759130
005 - ИДЕНТИФИКАТОР ВЕРСИИ
контрольное поле 20250622134906.0
035 ## - ДРУГИЕ СИСТЕМНЫЕ НОМЕРА
Идентификатор записи (NLR Aleph) 006322847
100 ## - ДАННЫЕ ОБЩЕЙ ОБРАБОТКИ
Данные общей обработки 20040301d1985 |||y0rusy50 ca
101 0# - ЯЗЫК РЕСУРСА
Язык текста, звукозаписи и т.д. русский
102 ## - СТРАНА ПУБЛИКАЦИИ ИЛИ ПРОИЗВОДСТВА
Страна публикации Российская Федерация
105 ## - ПОЛЕ КОДИРОВАННЫХ ДАННЫХ: ТЕКСТОВЫЕ МАТЕРИАЛЫ, МОНОГРАФИЧЕСКИЕ
Кодированные данные о монографическом текстовом документе y |||||||||
200 0# - ЗАГЛАВИЕ И СВЕДЕНИЯ ОБ ОТВЕТСТВЕННОСТИ
Основное заглавие ...1971-1975
Первые сведения об ответственности [Сост. О. Сейитниязова и др.
Последующие сведения об ответственности Отв. ред. З. Назарова]
210 ## - ПУБЛИКАЦИЯ, РАСПРОСТРАНЕНИЕ И ДР.
Дата издания, распространения и т.д. 1985
Место издания, распространения и т.д. Б. м.
215 ## - ФИЗИЧЕСКАЯ ХАРАКТЕРИСТИКА
Специфическое обозначение материала и объем 215 с.
461 #0 - УРОВЕНЬ НАБОРА
Встроенное поле 001rc\759129
-- 2001#$aКнига советского Туркменистана...$e[Ретросп. указ. лит.]$fГос. ком. ТуркмССР по делам изд-в, полиграфии и кн. торговли, Гос. кн. палата ТуркмССР$v...1971-1975
Системный номер (АБИС) связанной записи 7467521
Место публикации Ашхабад
Дата публикации 1985
Первые сведения об ответственности Гос. ком. ТуркмССР по делам изд-в, полиграфии и кн. торговли, Гос. кн. палата ТуркмССР
Имя издателя, распространителя и т.д. Туркменистан
Сведения, относящиеся к заглавию [Ретросп. указ. лит.]
Заглавие Книга советского Туркменистана...
Номер тома ...1971-1975
801 #0 - ИСТОЧНИК ЗАПИСИ
Страна Российская Федерация
Организация NLR
Правила каталогизации psbo
801 #1 - ИСТОЧНИК ЗАПИСИ
Страна Российская Федерация
Организация ELAR
Источник данных rusmarc
852 ## - МЕСТОНАХОЖДЕНИЕ И ШИФР ХРАНЕНИЯ
Идентификатор организации NLR
Наименование фонда или коллекции (Sub-Location Identifier) ОНЛ
852 ## - МЕСТОНАХОЖДЕНИЕ И ШИФР ХРАНЕНИЯ
Идентификатор организации NLR
Шифр хранения (Call Number) ОНЛ
942 ## - ДОПОЛНИТЕЛЬНЫЕ ЭЛЕМЕНТЫ ЗАПИСИ (АБИС)
Тип экземпляра АБИС Книга
980 ## - КОЛЛЕКЦИЯ
Название коллекции Национальная библиография
Экземпляры
Тип экземпляра Дата поступления Библиотека постоянного хранения Библиотека текущего хранения Место хранения Шифр хранения Штрих-код Статус экземпляра
Книга 26.10.2013 РНБ (Московский) РНБ (Московский) Фонд национальных литератур ОНЛ 6322847-10